000 00590nam a22002177a 4500
003 UA-OsUOA
001 43228
007 ta
008 20061214b un ||||| |||| 00| 0 ukr d
100 _aКарпов А.В.
090 _a159
_bК-11
942 _cSA
040 _aUA-OsUOA
_brus
_cUA-OsUOA
_dUA-OsUOA
245 _aЗакономерности структурной организации рефлексивных процессов
300 _aС.18-29
955 _a0
041 _arus
080 _a159
773 0 _w43226
650 7 _a1 Філософські науки
_2UDC
999 _c329347
_d329347